000 00537cam a2200193ua 4500
001 6885
005 20260515114125.0
008 140311n ii |||frmmmmZ001|0|asm
040 _cMAIN
082 _a651
245 _aByabasaya sangathan aru banijyik padhoti
_cBy Dev das bharali
250 _a4th ed. /
_bFor class XII.
260 _aGuwahati:
_bAssam book depot,
_c1998.
300 _ax302p.
653 _aOffice services
653 _aByabasaya sangathan aru banijyik padhoti
700 _aBharali,dev das.,
_eAuthor.
942 _cBK
999 _c6026
_d6026